| 000 | 00480nam a22001457a 4500 | ||
|---|---|---|---|
| 008 | 161103b xxu||||| |||| 00| 0 eng d | ||
| 050 | _aJA26.J68(1923-77) | ||
| 100 | _aSingh,Mohinder | ||
| 245 |
_aCumulative Index to Public Administration: _b journal of the royal institution of public administration ./ _cMohinder,Singh |
||
| 250 | _aVol.1-55 | ||
| 260 |
_aDelhi.: _bConcept publishing company: _c1979. |
||
| 300 |
_a144pgs.: _c24 cm. |
||
| 700 | _aSharma,R.N. | ||
| 942 |
_2lcc _cBK |
||
| 999 |
_c6099 _d13599 |
||